| 000 | 00977nas a2200289 4500 | ||
|---|---|---|---|
| 001 | BR8401690 | ||
| 003 | BR-BrBNA | ||
| 005 | 20231205085849.0 | ||
| 007 | ta | ||
| 008 | 230509b bl.|||p| |||| 00| 00por d | ||
| 040 |
_aBR-BrBNA _bpor _cBiblioteca Nacional de Agricultura |
||
| 041 | _a(Pt) | ||
| 072 | _aL00 | ||
| 100 | 1 | _aJardim, P.O. da C. | |
| 100 | 1 | _aZiegler, J.C. das | |
| 100 | 1 | _aOsorio, J.C. das | |
| 245 | 1 | _aEfeito da raca e idade sobre o peso da carcaca e o peso e percentagem dos principais cortes em novilhos | |
| 246 | 1 | _a[Effect of race and age on carcass weight and on weight and percentage of the most significant cuttings in steers] | |
| 650 | _aNOVILHO DE CORTE | ||
| 650 | _aCARCACA | ||
| 650 | _aRACA | ||
| 650 | _aPESO | ||
| 650 | _aABATE | ||
| 773 | 0 |
_tRevista da Sociedade Brasileira de Zootecnia (Brazil) _xISSN 0100-4859 _g(1983), v. 12(3) p. 551-561 _wBR8401690 |
|
| 909 |
_a202311 _bLúcia _c55 _dLúcia Elande |
||
| 942 |
_2AGRIS _n0 _cANA |
||
| 999 |
_c114362 _d114362 |
||